Akcelerácia procesu ekonomického oživenia zo strany finančného sektora - spoločný postup versus individuálne riešenia záverečná správa za celé obdobie riešenia projektu VEGA č. 1/0326/15 : doba riešenia od 1/2015 do 12/2017

Salvato in:
Dettagli Bibliografici
Autore principale: Kotlebová, Jana, 1969-
Ente Autore: Ekonomická univerzita v Bratislave. Národohospodárska fakulta
Altri autori: Chovancová, Božena, Jankovská, Anežka, Širaňová, Mária, Nemec, Marián, Hasprová, Mária, 1970-, Sobek, Otto, Stanová, Barbora, 1989-, Kováčová, Jana, Konečná, Martina, Pilch, Ctibor, 1957-
Natura: Libro
Lingua:slovacco
Pubblicazione: Bratislava 2017
Edizione:1. vyd.
Soggetti:
Tags: Aggiungi Tag
Nessun Tag, puoi essere il primo ad aggiungerne!!

MARC

LEADER 00000nam a2200000 4500
001 0239183
005 20240502073855.7
041 0 |a slo 
044 |a SK 
245 1 0 |a Akcelerácia procesu ekonomického oživenia zo strany finančného sektora - spoločný postup versus individuálne riešenia  |b záverečná správa za celé obdobie riešenia projektu VEGA č. 1/0326/15 : doba riešenia od 1/2015 do 12/2017  |c vedúci projektu: Jana Kotlebová, spoluriešitelia: Božena Chovancová ... [et al.] 
250 |a 1. vyd. 
264 1 |a Bratislava  |c 2017 
300 |a 12 s. 
610 2 0 |a rast hospodársky 
610 2 0 |a politika menová 
610 2 0 |a stabilita finančná 
610 2 0 |a stabilita cien 
610 2 0 |a oživenie 
100 1 |a Kotlebová, Jana, 1969- 
700 1 |a Chovancová, Božena 
700 1 |a Jankovská, Anežka 
700 1 |a Širaňová, Mária 
700 1 |a Nemec, Marián 
700 1 |a Hasprová, Mária, 1970- 
700 1 |a Sobek, Otto 
700 1 |a Stanová, Barbora, 1989- 
700 1 |a Kováčová, Jana 
700 1 |a Konečná, Martina 
700 1 |a Pilch, Ctibor, 1957- 
710 2 |a Ekonomická univerzita v Bratislave. Národohospodárska fakulta